|
|
|
|
| LEADER |
00896nam a22002537a 4500 |
| 001 |
29629 |
| 003 |
BD-DhAAL |
| 005 |
20240911112206.0 |
| 008 |
150831t1996 bg ||||| |||| 00| 0 eng d |
| 040 |
|
|
|a BD-DhAAL
|c BD-DhAAL
|
| 082 |
|
|
|a 307.1412095492
|2 22
|
| 245 |
|
|
|a Sharing research results in BRAC :
|b proceedings of the RED-HPD meeting /
|c edited by Suhaila H Khan, M G Sattar.
|
| 264 |
|
|
|a Dhaka :
|b BRAC,
|c 1996.
|
| 300 |
|
|
|a 17 pages :
|c 30 cm.
|
| 541 |
|
|
|e 29629
|
| 610 |
|
|
|a BRAC
|9 14329
|
| 650 |
|
|
|a Rural Development
|z Bangladesh.
|9 14330
|
| 700 |
|
|
|a Sattar, M. G.
|9 14331
|
| 700 |
|
|
|a Khan, Suhaila H.
|9 14328
|
| 710 |
|
|
|a BRAC
|9 14329
|
| 852 |
|
|
|a Ayesha Abed Library
|c BRAC Resource Section
|
| 942 |
|
|
|2 ddc
|c BK
|
| 999 |
|
|
|c 35402
|d 35402
|
| 952 |
|
|
|0 0
|1 0
|2 ddc
|4 0
|6 307_141209549200000_SHA
|7 1
|9 55667
|a BRACUL
|b BRACUL
|c BRS
|d 2015-08-31
|e BRAC
|l 0
|o 307.1412095492 SHA
|p 3010029629
|r 2015-08-31
|t 1
|y BK
|